Language Quiz

Random Language or Country Quiz

Scrabble Worst Countries Quiz Stats

Quiz Updated Jul 23, 2014

Challenge
Share
Tweet
Embed
Score 0/56 Timer 10:00
1 Play Today
% Correct
Canada
82.7%
Spain
78.4%
Italy
74.5%
Russia
74.3%
Iran
72.4%
India
69.4%
Peru
69.1%
Ireland
61.3%
Cuba
60.8%
Greece
59.9%
Laos
55.1%
Oman
54.5%
Poland
52.8%
Niger
51.9%
Israel
50.2%
Austria
49.8%
Mali
49.4%
Haiti
47.4%
Togo
46.8%
Sudan
45.7%
Nigeria
44.4%
Nepal
44.2%
Ghana
42.3%
Latvia
38.8%
Malta
38.5%
Estonia
37.4%
Syria
36.7%
Algeria
35.6%
% Correct
Benin
35.3%
Serbia
34.5%
Andorra
34.4%
Albania
33.7%
Angola
32.6%
Guinea
31.6%
Australia
31.1%
Croatia
31.1%
Tonga
30.3%
Belarus
29.5%
Samoa
29.5%
Georgia
29.4%
Armenia
29%
Taiwan
28.4%
Romania
27.9%
Uganda
27.6%
Lebanon
27.5%
Gabon
27.4%
Nauru
26.7%
Liberia
26.7%
Tunisia
26.7%
Palau
26.3%
Somalia
25.3%
Eritrea
25%
Senegal
23.7%
Brunei
22.5%
Tuvalu
19.8%
Grenada
17.4%

You're not logged in!

Compare scores with friends on all Sporcle quizzes.
Sign Up with Email
OR
Log In

You Might Also Like...

Show Comments

Extras

Top Quizzes Today


Score Distribution

Your Account Isn't Verified!

In order to create a playlist on Sporcle, you need to verify the email address you used during registration. Go to your Sporcle Settings to finish the process.